000 00307nam a22001337a 4500
008 170529b xxu||||| |||| 00| 0 eng d
020 _a9781256462644
041 _aeng
080 _a62
100 _a25
101 _aIM
245 _aADVANCES ENGINEERING MATHEMATICS
_cGREENBERG.M.D
942 _2udc
_cBK
999 _c14873
_d14873